| 000 | 00445nam a2200157 4500 | ||
|---|---|---|---|
| 001 | 126669 | ||
| 003 | ES-MaACL | ||
| 005 | 20230906192846.0 | ||
| 007 | t| | ||
| 008 | 070214s1940 sp r ||||1| spa d | ||
| 100 | 0 |
_aRévész, Andrés. _996422 |
|
| 245 | 1 | 0 |
_aEdad y belleza en el amor / _cAndrés Révész. |
| 260 |
_aBarcelona : _b[s.n.], _c1940 ( _fTip. de M. Pellicer) |
||
| 300 |
_a92 p. ; _c17 cm. |
||
| 852 |
_aES-MaACL _jA-5141 _bR.18121 |
||
| 999 |
_c126669 _d126669 |
||